| 000 | 00805cam a2200145 4500500 | ||
|---|---|---|---|
| 005 | 20260322011032.0 | ||
| 041 | _afre | ||
| 042 | _adc | ||
| 100 | 1 | 0 |
_aArnould, Jean-Claude _eauthor |
| 245 | 0 | 0 | _aMarie Le Jars de Gournay, Les Advis, ou, Les Presens de la Demoiselle de Gournay, 1641, vol. II, édition critique établie et annotée par Jean-Philippe Beaulieu et Hannah Fournier, avec la collaboration de Delbert Russell, présentation par Marie-Thérèse Noiset, Amsterdam -New York, Rodopi, coll. « Faux titre », no 219, 2002. 1 vol. 15 × 22 cm de 327 p. |
| 260 | _c2003. | ||
| 500 | _a59 | ||
| 786 | 0 | _nDix-septième siècle | 219 | 2 | 2003-06-01 | p. 357a-376a | 0012-4273 | |
| 856 | 4 | 1 | _uhttps://shs.cairn.info/revue-dix-septieme-siecle-2003-2-page-357a?lang=fr&redirect-ssocas=7080 |
| 999 |
_c1761595 _d1761595 |
||